00481nam a22001577a 4500999001900000005001700019010001300036020002600049037001700075100003400092245005000126260003500176270007400211300002100285942001700306 c181801d18180120211006122454.0 aEN230921 a9789390001156c550.00 bPharos Books aThackeray, William Makepeace  aVanity fair /cby William Makepeace Thackeray aEast DelhibPharos Booksc2020 aPlot No. 55, Main Mother Dairy Road, Pandav NagarbEast Delhie110092 a677p.c21cm(pbk) 2ddccENmTHA